| 000 | 03309cam a22005658i 4500 | ||
|---|---|---|---|
| 001 | 22194453 | ||
| 003 | yeezen | ||
| 005 | 20250717144204.0 | ||
| 006 | m |o d | | ||
| 007 | cr_||||||||||| | ||
| 008 | 210824s2022 pau ob 001 0 eng | ||
| 010 | _a 2021041666 | ||
| 020 |
_a9781975148010 _q(epub) |
||
| 020 | _z9781975147990 | ||
| 035 | _a22194453 | ||
| 040 |
_aDLC _beng _cDLC _erda |
||
| 042 | _apcc | ||
| 050 | 0 | 0 | _aRC683.5.R33 |
| 060 | 0 | 0 | _aWG18.2 |
| 082 | 0 | 0 |
_a616.1/207540076 _223 |
| 084 |
_aMED080000 _2bisacsh |
||
| 130 | 0 | _aCardiac imaging (Hsu) | |
| 245 | 1 | 0 |
_aCardiac imaging : _ba core review / _ceditors, Jean Jeudy, Sachin Malik. |
| 250 | _aSecond edition. | ||
| 260 | _c2022.03 | ||
| 263 | _a2112 | ||
| 264 | 1 |
_aPhiladelphia : _bWolters Kluwer, _c[2022] |
|
| 300 | _a1 online resource | ||
| 336 |
_atext _btxt _2rdacontent |
||
| 337 |
_acomputer _bc _2rdamedia |
||
| 338 |
_aonline resource _bcr _2rdacarrier |
||
| 490 | 1 | _aCore review | |
| 500 | _aPreceded by Cardiac imaging / editors, Joe Y. Hsu, Amar Shah. [2016]. | ||
| 504 | _aIncludes bibliographical references and index. | ||
| 505 | 0 | _aBasics of Imaging: Radiography, CT, and MR / Nancy Pham, MD, Joe Y. Hsu, MD, Amar B. Shah, MD, MPA, Jean Jeudy, MD, and Sachin Malik, MD -- Normal Anatomy, Including Variants, Encountered on Radiography, CT, and MR./ Joe Y. Hsu, MD, Amar B. Shah, MD, MPA, and Sachin Malik, MD -- Physiologic Aspects of Cardiac Imaging / Amar B. Shah, MD, MPA and Jean Jeudy, MD -- Ischemic Heart Disease / Brian Pogatchnik, MD, Amar B. Shah, MD, MPA, and Sachin Malik, MD -- Cardiomyopathy / Jean Jeudy, MD and Sachin Malik, MD -- Cardiac Masses / Joe Y. Hsu, MD and Jean Jeudy, MD -- Valvular Disease / Jean Jeudy, MD and Sachin Malik, MD -- Pericardial Disease / Alan Ropp, MD, MS, Amar B. Shah, MD, MPA, and Jean Jeudy, MD -- Congenital Heart Disease / Joe Y. Hsu, MD and Jean Jeudy, MD -- Acquired Disease of the Thoracic Aorta and Great Vessels / Joe Y. Hsu, MD, Amar B. Shah, MD, MPA, and Jean Jeudy, MD -- Devices and Postoperative Appearance / Jody Shen, MD, Joe Y. Hsu, MD, Amar B. Shah, MD, MPA, Jean Jeudy, MD, and Sachin Malik, MD. | |
| 520 |
_a"The second edition of the Cardiac Imaging: A Core Review builds on the success of the first edition by covering the essential aspects of cardiac imaging in a manner that serves as a guide for residents to assess their knowledge and review the material in a format that is like the ABR core examination"-- _cProvided by publisher. |
||
| 588 | _aDescription based on print version record and CIP data provided by publisher; resource not viewed. | ||
| 650 | 1 | 2 |
_aCardiac Imaging Techniques _xmethods |
| 650 | 2 | 2 | _aDiagnostic Techniques, Cardiovascular |
| 650 | 2 | 2 |
_aCardiovascular Diseases _xdiagnostic imaging |
| 650 | 7 |
_aMEDICAL / Radiology, Radiotherapy & Nuclear Medicine _2bisacsh |
|
| 655 | 2 | _aProblems and Exercises | |
| 700 | 1 |
_aJeudy, Jean, _eeditor. |
|
| 700 | 1 |
_aMalik, Sachin, _eeditor. |
|
| 776 | 0 | 8 |
_iPrint version: _aCardiac imaging (Hsu) _tCardiac imaging _bSecond edition. _dPhiladelphia : Wolters Kluwer, [2022] _z9781975147990 _w(DLC) 2021041665 |
| 830 | 0 | _aCore review series. | |
| 906 |
_a7 _bcbc _corignew _d1 _eecip _f20 _gy-gencatlg |
||
| 942 |
_2NLM _cLNTERM |
||
| 999 |
_c7661 _d7661 |
||